| 000 | 01094nam a2200253 i 4500 | ||
|---|---|---|---|
| 001 | 87745 | ||
| 003 | ES-MaACL | ||
| 005 | 20251015063108.0 | ||
| 007 | t| | ||
| 008 | 041223s1908 fr |||| | fre d | ||
| 100 | 1 |
_aLa Boétie, Étienne de, _d1530-1563 _969132 |
|
| 245 | 1 | 0 |
_aDe la servitude volontaire ou Le contr'un _b: discours / _cpar Étienne de La Boétie ; précédé d'une préface par A. Vermorel et suivi de lettres de Montaigne relatives a La Boétie. |
| 246 | 3 | 0 | _aContr'un |
| 260 |
_aParis : _bLibrairie de la Bibliothèque Nationale, _c1908. |
||
| 300 |
_a191 p. ; _c15 cm. |
||
| 490 | 1 | _aCollection des meilleurs auteurs anciens et moderns | |
| 505 | 8 | _aContiene además: De l'amitié / Montaigne. - Vingt et neuf sonnets / d'Etienne de La Boétie | |
| 650 | 4 |
_aLibertad- _vObras anteriores a 1800. _9149344 |
|
| 700 | 1 |
_aVermorel, Auguste ( _d1841-1871) _9133643 |
|
| 700 | 1 |
_aMontaigne, Michel de, _d1533-1592 _982329 |
|
| 830 | 0 |
_aCollection des meilleurs auteurs anciens et moderns _9231797 |
|
| 852 |
_aES-MaACL _jT-1458-F-2 |
||
| 999 |
_c87745 _d87745 |
||